| 000 | 00472nam a2200193Ia 4500 | ||
|---|---|---|---|
| 005 | 20250423094549.0 | ||
| 008 | 250422s9999 xx 000 0 und d | ||
| 020 | _a9780137047970 | ||
| 050 | _aH 61 .G555/ | ||
| 100 | _aGlesne, Corrine | ||
| 245 | 0 | _aBecoming qualitative researchers : an introduction | |
| 250 | _a4th ed. | ||
| 260 | _aBoston | ||
| 260 | _bPearson | ||
| 260 | _c2011 | ||
| 300 | _a317 p | ||
| 650 | _aSocial sciences_Methodology. | ||
| 942 | _cBK | ||
| 999 |
_c27618 _d27618 |
||